Biodiversity assessment and long-term monitoring, Lower Urubamba Region, Perú /

Bibliographic Details
Other Authors: Dallmeier, Francisco, Alonso, Alfonso
Format: Book
Language:English
Published: Washington, DC : Smithsonian Institution, SI/MAB Biodiversity Program, Institute for Conservation Biology, ©1997-<©1999>
Series:SI/MAB series ; #1-<#3 >.
Subjects:

MARC

Tag First Indicator Second Indicator Subfields
LEADER 00000cam a22000004a 4500
001 in00001711921
005 20151024155623.0
008 990212m1997uuuudcua b f000 0 eng
010 |a  99061103   |z  99061104   |z  99061105  
019 |a 41890964 
020 |a 1893912000 (v. 1) 
020 |a 1893912019 (v. 2) 
020 |a 1893912027 (v. 3) 
035 |a (OCoLC)ocm45002553 
040 |a DLC  |c DLC  |d AGL  |d SMI  |d NDD  |d TXA  |d UtOrBLW 
041 0 |a eng  |b spa 
042 |a pcc 
043 |a s-pe--- 
049 |a TXAM 
050 0 0 |a QH77.P4  |b B56 1997 
070 0 |a QH77.P4  |b B56 1997 
092 |a 333.950985  |b B615, 1997 
245 0 0 |a Biodiversity assessment and long-term monitoring, Lower Urubamba Region, Perú /  |c edited by Francisco Dallmeier and Alfonso Alonso. 
264 1 |a Washington, DC :  |b Smithsonian Institution, SI/MAB Biodiversity Program, Institute for Conservation Biology,  |c ©1997-<©1999> 
300 |a volumes <1-3 > :  |b illustrations ;  |c 28 cm. 
336 |a text  |b txt  |2 rdacontent 
337 |a unmediated  |b n  |2 rdamedia 
338 |a volume  |b nc  |2 rdacarrier 
490 1 |a SI/MAB series ;  |v #1-<#3 > 
504 |a Includes bibliographical references. 
505 1 |a [1] San Martin-3 and Cashiriari-2 well sites -- [2] Cashiriari-3 well site and the Camisea and Urubamba Rivers -- [3] Pagoreni well site: assessment and training. 
650 0 |a Biodiversity  |z Peru  |z Urubamba River Valley. 
650 0 |a Biodiversity  |z Peru  |z Urubamba River Valley  |x Measurement. 
700 1 |a Dallmeier, Francisco. 
700 1 |a Alonso, Alfonso. 
830 0 |a SI/MAB series ;  |v #1-<#3 >. 
948 |a cataloged  |b h  |c 2002/10/1  |d c  |e jgreene  |f 3:44:12 pm 
994 |a E0  |b TXA 
999 |a MARS 
999 f f |s 9087bc0f-0b82-3305-a215-1e4fe203d8f7  |i 85a86001-1d3e-31b0-8068-35f0003e2bc0  |t 0 
952 f f |p ric  |a Texas A&M University  |b Rellis Campus  |c Joint Library Facility  |d Remote Storage  |t 0  |e QH77.P4 B56 1997  |h Library of Congress classification  |i unmediated -- volume  |k no.3  |m A14829024549 
952 f f |p ric  |a Texas A&M University  |b Rellis Campus  |c Joint Library Facility  |d Remote Storage  |t 0  |e QH77.P4 B56 1997  |h Library of Congress classification  |i unmediated -- volume  |k no.2  |m A14830079191 
952 f f |p ric  |a Texas A&M University  |b Rellis Campus  |c Joint Library Facility  |d Remote Storage  |t 0  |e QH77.P4 B56 1997  |h Library of Congress classification  |i unmediated -- volume  |k no.1  |m A14830079159 
998 f f |a QH77.P4 B56 1997  |s no.1-3  |t 0  |l Remote Storage